| 000 | 00954nam1a2200313 i 4500 | ||
|---|---|---|---|
| 001 | RU\NLR\bibl\181547 | ||
| 005 | 20241118211203.0 | ||
| 010 | _a5-7905-0829-4 | ||
| 035 | _a(NLR Aleph) 000178216 | ||
| 090 |
_a1028417 _c1028417 |
||
| 100 | _a20010907g20019999u y0rusy50 ca | ||
| 101 | 1 |
_arus _cfre |
|
| 102 | _aRU | ||
| 105 | _aa ||||||||| | ||
| 200 | 1 |
_aМолодость Генриха IV _e[Собрание соч. в 4 т.] _fПонсон дю Террайль |
|
| 210 |
_aМ. _cРИПОЛ КЛАССИК _d2001 |
||
| 215 | _d22 | ||
| 463 | 0 | _1001175725 | |
| 463 | 0 | _1001206784 | |
| 463 | 0 | _1001214909 | |
| 463 | 0 | _1001217745 | |
| 686 | _aШ6(4Фр)57-4 | ||
| 700 | 1 |
_aПонсон дю Террайль _bП. А. _f1829-1871 _gПьер Алексис _4070 |
|
| 801 | 0 |
_aRU _bNLR _c20010907 _gPSBO |
|
| 801 | 1 |
_aRU _bNLR _c20010907 |
|
| 852 |
_aNLR _j2001-5/2268 |
||
| 942 | _cBOOK | ||